• 首页
  • 本馆介绍
  • 公告通知
  • 最新文献
  • 馆藏检索
  • 电子资源
  • 读者导购
  • 参考咨询
  • 我的图书馆
  • 登录
  • 期刊详细显示
  • 现刊情况显示
  • 合订本情况显示
  • 篇目信息显示

期刊信息

  • 表格格式
  • 工作单格式
  • 卡片格式
索取号 
Z89/RD
题名 
READER'S DIGEST
作者 
Dewitt Wallace
分册号 
分册名 
出版地 
出版者 
Reader's Digest Association
标准刊号 
0034-0375
出版频率 
月刊
中图法分类 
Z89
主题词 
文摘; 索引
电子资源 
000 00617nas0 2200205 45
001 0754771983
005 20070416164118.54
011    @a0034-0375
100    @a20070416d km y0chiy0120 ea
101 0  @aeng
200 1  @aREADER'S DIGEST@fDewitt Wallace
207    @aREADER'S DIGEST》是美国发行量最大的普及综合性文摘月刊,发行量逾2000万份,系德威特·华莱斯(Dewitt Wallace)夫妇于1922年在纽约创办的32开书籍式的月刊。
210    @cReader's Digest Association
326    @a月刊
606 0  @a文摘
606 0  @a索引
690    @aZ89@v4
701  0 @aDewitt Wallace
801  0 @aCN@bPFT@c20070416
905    @aTJWY@dZ89@eRD
    
    READER'S DIGEST/Dewitt Wallace.-READER'S DIGEST》是美国发行量最大的普及综合性文摘月刊,发行量逾2000万份,系德威特·华莱斯(Dewitt Wallace)夫妇于1922年在纽约创办的32开书籍式的月刊。.-Reader's Digest Association
    
    
    
    ISSN 0034-0375
    
●
相关链接: 在易读查询期刊 在中国知网中查询期刊 在万方数据查询期刊 在维普查询期刊
唐山师范学院图书馆 欢迎您!
大连网信软件有限公司© 版权所有